| 000 | 01563cam a22003374a 4500 | ||
|---|---|---|---|
| 090 | _c10374 | ||
| 001 | 2158424 | ||
| 005 | 20060719200227.0 | ||
| 008 | 990528s2000 nyua b 001 0 eng | ||
| 010 | _a99035429 | ||
| 020 | _a019513186X (cloth) | ||
| 040 |
_aDLC _cDLC _dDLC |
||
| 042 | _apcc | ||
| 050 | 0 | 0 |
_aTK7871.85 _b.D547 2000 |
| 082 | 0 | 0 |
_a621.38152 _221 _bDIM |
| 100 | 1 |
_aDimitrijev, Sima, _d1958- |
|
| 245 | 1 | 0 |
_aUnderstanding Semiconductor Devices / _cSima Dimitrijev. |
| 260 |
_aNew York : _bOxford University Press, _cc2000. |
||
| 300 |
_axviii, 574 p. : _bill. ; _c25 cm. + _e1 computer laser optical disc (4 3/4 in.) |
||
| 440 | 4 | _aThe Oxford series in electrical and computer engineering | |
| 500 | _aIncludes list of answers to selected problems | ||
| 504 | _aIncludes bibliographical references (p. 562-564)and indexes. | ||
| 650 | 0 | _aSemiconductors. | |
| 650 | 0 |
_aIntegrated circuits _xDesign and construction. |
|
| 856 | 4 | 2 |
_3Publisher description _uhttp://www.loc.gov/catdir/enhancements/fy0606/99035429-d.html |
| 856 | 4 | 1 |
_3Table of contents only _uhttp://www.loc.gov/catdir/enhancements/fy0606/99035429-t.html |
| 942 |
_2ddc _cBB |
||
| 999 |
_c10374 _d10374 |
||